Cyclisme : Cyclistes Australiens en WT et ProTeam saison 2025 - Statistiques

Statistiques générales
  • Ce quiz a été pris 58 fois
  • Le résultat moyen est 13 sur 33
Statistiques - réponses
Hint Réponse % Correct
Team Jayco AlUla Ben O'CONNOR
73%
Team Jayco AlUla Michael MATTHEWS
73%
INEOS Grenadiers Caleb EWAN
71%
Alpecin-Deceuninck Kaden GROVES
71%
UAE Team Emirates - XRG Jay VINE
69%
Team Jayco AlUla Luke PLAPP
60%
Bahrain - Victorious Jack HAIG
58%
Red Bull - BORA - hansgrohe Jai HINDLEY
58%
Team Jayco AlUla Luke DURBRIDGE
58%
Team Jayco AlUla Chris HARPER
49%
Tudor Pro Cycling Michael STORER
49%
Decathlon AG2R La Mondiale Callum SCOTSON
44%
Arkéa - B&B Hotels Miles SCOTSON
44%
Team Picnic PostNL Chris HAMILTON
42%
INEOS Grenadiers Lucas HAMILTON
42%
Red Bull - BORA - hansgrohe Sam WELSFORD
42%
EF Education - EasyPost Harry SWEENY
36%
Team Jayco AlUla Michael HEPBURN
33%
Decathlon AG2R La Mondiale Oscar CHAMBERLAIN
29%
Israel - Premier Tech Simon CLARKE
29%
Team Picnic PostNL Alex EDMONDSON
27%
Q36.5 Pro Cycling Team Damien HOWSON
24%
Lotto Jarrad DRIZNERS
22%
Team Jayco AlUla Kelland O'BRIEN
22%
Bahrain - Victorious Robert STANNARD
22%
Alpecin-Deceuninck Jensen PLOWRIGHT
20%
Team Picnic PostNL Matthew DINHAM
20%
EF Education - EasyPost Alastair MACKELLAR
18%
Israel - Premier Tech Nick SCHULTZ
18%
Caja Rural - Seguros RGA Sebastian BERWICK
11%
Team Picnic PostNL Patrick EDDY
7%
Team Novo Nordisk Bailey MCDONALD
4%
Team Novo Nordisk Declan IRVINE
4%
Aucun quiz correspondant
Distribution des résultats
% des personnes avec chaque résultat
Percentile par nombre de réponses
Votre historique - résultats
Vous n’avez pas pris ce quiz